Linguistics: an introduction to language and communication
Gorde:
| Egile nagusia: | |
|---|---|
| Formatua: | Liburua |
| Hizkuntza: | Undetermined |
| Argitaratua: |
Londres, Inglaterra
The MIT press
1984
|
| Gaiak: | |
| Etiketak: |
Etiketa erantsi
Etiketarik gabe, Izan zaitez lehena erregistro honi etiketa jartzen!
|
MARC
| LEADER | 00000nam a2200000Ia 4500 | ||
|---|---|---|---|
| 008 | 170316s9999 xx 000 0 und d | ||
| 090 | |a 410 A-4L | ||
| 100 | |a Akmajian, Adrian | ||
| 245 | |a Linguistics: an introduction to language and communication | ||
| 260 | |a Londres, Inglaterra | ||
| 260 | |b The MIT press | ||
| 260 | |c 1984 | ||
| 300 | |a 547 páginas | ||
| 650 | |a LINGÜÍSTICA | ||
| 999 | |c 18211 |d 18211 | ||
| 040 | |a cru BVZT | ||
| 942 | |c 15 D |h 410 A-4L |2 z | ||
